01391nam0a22002891 4500001003100000005001700031035002600048100004100074101000800115102000700123105001800130200013100148210006600279215001900345225013400364300024800498300003100746320003100777606012500808686001900933686001900952700003700971701001701008801002701025801002301052852002601075RU\INFOCOMM_322\NLR\500022059620250613112032.0 a(NLR Aleph) 009601941 a20130311d1980 |||y0rusy50 ca0 aeng aRU ay z |||||1 aOn the reduction of Yang-Mills potentials in gauge field theories with spontaneously broken symmetryfL. Nikolova, V. A. Rizov aДубнаcОбъед. ин-т ядер. исслед.d1980 a6 с.d21 см1 aСообщения Объединенного института ядерных исследований, ДубнаvE5-80-485 aНа 2-й с. обл.: О редукции потенциалов Янга-Миллса в калибровочных теориях со спонтанным нарушением симметрии / Николова Л., Ризов В. А. aРез. на рус. яз. aБиблиогр.: с. 5-60 aКвантовая теория поля калибровочнаяxПотенциалы Янга-Миллса2nlr_sh1 aВ315.22rubbk aВ382.12rubbk 1aNikolova-ApostolovabL.gLiliana 1aRizovbV. A. 1aRUbInfocommc20130311 0aRUbINFOCOMMgPSBO aNLRjФз01 Д-4/1365